Writing B2
My image of the 'writing' section in a typical ELT library would be a short, rather dusty, neglected shelf with just a few titles related to either academic writing, exam preparation or perhaps business English. What feels original about this new writing book from Collins is that it contai...
Gardado en:
| Autor Principal: | |
|---|---|
| Formato: | Libro |
| Idioma: | Undetermined |
| Publicado: |
Thành phố Hồ Chí Minh
Tổng hợp
2014
|
| Những chủ đề: | |
| Các nhãn: |
Engadir etiqueta
Sen Etiquetas, Sexa o primeiro en etiquetar este rexistro!
|
| Thư viện lưu trữ: | Trung tâm Học liệu Trường Đại học Cần Thơ |
|---|
| LEADER | 01047nam a2200217Ia 4500 | ||
|---|---|---|---|
| 001 | CTU_202469 | ||
| 008 | 210402s9999 xx 000 0 und d | ||
| 020 | |c 148000 | ||
| 082 | |a 428.0076 | ||
| 082 | |b W582 | ||
| 100 | |a White, Genevieve | ||
| 245 | 0 | |a Writing B2 | |
| 245 | 0 | |c Genevieve White | |
| 260 | |a Thành phố Hồ Chí Minh | ||
| 260 | |b Tổng hợp | ||
| 260 | |c 2014 | ||
| 520 | |a My image of the 'writing' section in a typical ELT library would be a short, rather dusty, neglected shelf with just a few titles related to either academic writing, exam preparation or perhaps business English. What feels original about this new writing book from Collins is that it contains a wide range of genres with a great variety of personal or work-related writing dealing with different levels of formality and types of audience | ||
| 650 | |a Anh ngữ,English language,English language,Viết tiếng Anh | ||
| 650 | |x Written English | ||
| 904 | |i Tuyến | ||
| 980 | |a Trung tâm Học liệu Trường Đại học Cần Thơ | ||